zpět

Detail výsledku týmu

Forrum, Brno

Datum a čas kvízu

12.5 Celkem bodů Celkový počet nahraných bodů na tomto kvízu bez doplňovacích otázek.
6. Pořadí na kvízu Konečné umístění týmu na tomto kvízu.

Zaznamenané odpovědi

# Otázka Odpověď Body Výsledky
1. Minulý týden vyšla zpráva o to... špatné parkování elektrokoloběžek 0
2. Šéf slovenského parlamentu má... Boris Kollár, hnutí Jsme rodina 1
3. Jistý populární komediální ser... Mr. Bean 0
4. Známý šéfkuchař Přemek Forejt... McDonald’s 0
5. Brněnští hokejoví fanoušci měl... 2:1 0
6. Začneme v Africe. Jak se dnes... Zimbabwe 0
7. Na černém kontinentu ještě chv... Horní Volta, Burkina Faso 0
8. Thajsko je jedinou zemí jihový... Siam, Město Andělů 0
9. Zřejmě víte, že na území dnešn... Robinson Crusoe 1
10. Vzpomenete si na název tohoto... Německá demokratická republika (Východní Německo) 0